000 01197cab a2200241 4500
001 ABS68369
008 041028n2004 000 0 eng u
035 _a(Sirsi) u127870
100 _aWaters, B.
245 _aPlanning meltdown
260 _c2004
490 _aArchitects' Journal
_v220(12) 30 September 2004, 44(1)
520 _aDiscusses the admission by the Planning Inspectorate that even the simplest written appeal will now take more than a year to decide. This is the result of the government announcement that for all applications made from 5 September 2003, the six-month period allowed to lodge an appeal was to be reduced to three months. Suggested remedies by the Association of Consultant Architects to this situation could include inspectors making known their decisions immediately with written reasons and simplified mediation.
590 _aABS
650 _aPLANNING INSPECTORATE
650 _aPLANNING APPEALS
650 _aPLANNING POLICY STATEMENT 11
650 _aPLANNING POLICY STATEMENT 12
650 _aMEDIATION
650 _aASSOCIATION OF CONSULTANT ARCHITECTS
690 _aENVIRONMENTAL AND LAND CONSULTANCY-PLANNING AND DEVELOPMENT
942 _n0
999 _c74587
_d74587